<?xml version="1.0" encoding="UTF-8"?>
<record
    xmlns:xsi="http://www.w3.org/2001/XMLSchema-instance"
    xsi:schemaLocation="http://www.loc.gov/MARC21/slim http://www.loc.gov/standards/marcxml/schema/MARC21slim.xsd"
    xmlns="http://www.loc.gov/MARC21/slim">

  <leader>01089    a2200241   4500</leader>
  <controlfield tag="003">OSt</controlfield>
  <controlfield tag="005">20230322104917.0</controlfield>
  <controlfield tag="008">220726s2016    mx a||||r|||| 00| 0 spa d</controlfield>
  <datafield tag="020" ind1=" " ind2=" ">
    <subfield code="a">9786079161286</subfield>
  </datafield>
  <datafield tag="040" ind1=" " ind2=" ">
    <subfield code="c">CHAP</subfield>
  </datafield>
  <datafield tag="082" ind1="0" ind2="4">
    <subfield code="a">333.953213097267</subfield>
    <subfield code="b">J56</subfield>
    <subfield code="2">22</subfield>
  </datafield>
  <datafield tag="100" ind1="1" ind2=" ">
    <subfield code="9">186427</subfield>
    <subfield code="a">Jim&#xE9;nez M&#xE1;rquez, Mar&#xED;a del Pilar</subfield>
  </datafield>
  <datafield tag="245" ind1="1" ind2="0">
    <subfield code="a">Elementos territoriales del desarrollo rural :</subfield>
    <subfield code="b">el tejido productivo de vainilla en el sur de Quintana Roo, M&#xE9;xico /</subfield>
    <subfield code="c">por Mar&#xED;a del Pilar Jim&#xE9;nez M&#xE1;rquez, H&#xE9;ctor Manuel Cortez Yacila y Minerva Alavez San Pedro.</subfield>
  </datafield>
  <datafield tag="264" ind1=" " ind2="1">
    <subfield code="a">M&#xE9;xico, D.F. :</subfield>
    <subfield code="a">Quintana Roo, M&#xE9;xico :</subfield>
    <subfield code="a">Tlaxcala, M&#xE9;xico :</subfield>
    <subfield code="b">Plaza y Vald&#xE9;s;</subfield>
    <subfield code="b">Universidad del Caribe;</subfield>
    <subfield code="b">El Colegio de Tlaxcala,</subfield>
    <subfield code="c">2016.</subfield>
  </datafield>
  <datafield tag="300" ind1=" " ind2=" ">
    <subfield code="a">102 p&#xE1;ginas.</subfield>
    <subfield code="b">cuadros, mapas.</subfield>
  </datafield>
  <datafield tag="504" ind1=" " ind2=" ">
    <subfield code="a">Incluye bibliograf&#xED;a.</subfield>
  </datafield>
  <datafield tag="650" ind1=" " ind2="2">
    <subfield code="9">117209</subfield>
    <subfield code="a">Vainilla</subfield>
    <subfield code="x">Rendimiento</subfield>
  </datafield>
  <datafield tag="650" ind1=" " ind2="2">
    <subfield code="9">186404</subfield>
    <subfield code="a">Vainilla</subfield>
    <subfield code="x">Aspectos econ&#xF3;micos</subfield>
    <subfield code="z">Quintana Roo</subfield>
  </datafield>
  <datafield tag="650" ind1=" " ind2="2">
    <subfield code="9">31988</subfield>
    <subfield code="a">Desarrollo de la comunidad</subfield>
    <subfield code="z">Quintana Roo</subfield>
  </datafield>
  <datafield tag="700" ind1="1" ind2=" ">
    <subfield code="9">185211</subfield>
    <subfield code="a">Cortez Yacila, H&#xE9;ctor Manuel</subfield>
  </datafield>
  <datafield tag="700" ind1="1" ind2=" ">
    <subfield code="9">186428</subfield>
    <subfield code="a">Alavez San Pedro, Minerva</subfield>
  </datafield>
  <datafield tag="942" ind1=" " ind2=" ">
    <subfield code="2">ddc</subfield>
    <subfield code="c">LIBRO</subfield>
  </datafield>
  <datafield tag="999" ind1=" " ind2=" ">
    <subfield code="c">217350</subfield>
    <subfield code="d">217350</subfield>
  </datafield>
  <datafield tag="952" ind1=" " ind2=" ">
    <subfield code="0">0</subfield>
    <subfield code="1">0</subfield>
    <subfield code="2">ddc</subfield>
    <subfield code="4">0</subfield>
    <subfield code="5">2</subfield>
    <subfield code="7">0</subfield>
    <subfield code="8">GRAL</subfield>
    <subfield code="a">BC</subfield>
    <subfield code="b">BC</subfield>
    <subfield code="c">PA_GRAL</subfield>
    <subfield code="d">2023-03-16</subfield>
    <subfield code="l">0</subfield>
    <subfield code="o">333.953213097267 J56</subfield>
    <subfield code="p">33724002566538</subfield>
    <subfield code="r">2023-03-16 00:00:00</subfield>
    <subfield code="w">2023-03-16</subfield>
    <subfield code="y">LIBRO</subfield>
  </datafield>
  <datafield tag="952" ind1=" " ind2=" ">
    <subfield code="0">0</subfield>
    <subfield code="1">0</subfield>
    <subfield code="2">ddc</subfield>
    <subfield code="4">0</subfield>
    <subfield code="5">2</subfield>
    <subfield code="7">0</subfield>
    <subfield code="8">GRAL</subfield>
    <subfield code="a">BC</subfield>
    <subfield code="b">BC</subfield>
    <subfield code="c">PA_GRAL</subfield>
    <subfield code="d">2023-03-16</subfield>
    <subfield code="l">0</subfield>
    <subfield code="o">333.953213097267 J56</subfield>
    <subfield code="p">33724002566496</subfield>
    <subfield code="r">2023-03-16 00:00:00</subfield>
    <subfield code="t">c.2</subfield>
    <subfield code="w">2023-03-16</subfield>
    <subfield code="y">LIBRO</subfield>
  </datafield>
</record>
